| 000 | 00905cab a22002055a 4500 | ||
|---|---|---|---|
| 001 | L143027 | ||
| 008 | 080117s2008 xxk f v 000 0 eng d | ||
| 035 | _a(Sirsi) u143027 | ||
| 041 | 0 | _aeng | |
| 100 | 1 | _aTurner, Robert | |
| 245 | 0 | 0 | _aTurning out a light by registering a light obstruction notice |
| 260 | _c2008 | ||
| 490 | 0 |
_aLovells Real Estate Quarterly _vMarch 2008, 4-5(2) |
|
| 520 | _aReports that a series of law cases (unspecified) show that a neighbour's rights of light should not be ignored. Finds developers need to know how these rights are acquired and whether or not they can be avoided. Explains how to register a light obstruction notice and how to challenge a light obstruction notice. | ||
| 590 | _aKA | ||
| 650 | 2 | 4 | _aRIGHTS TO LIGHT ACT 1959 |
| 651 | 4 |
_aGreat Britain _y1707- |
|
| 690 | _aPROPERTY-PROPERTY MANAGEMENT-EASEMENTS-RIGHTS TO LIGHT DETERMINATION | ||
| 942 | _n0 | ||
| 999 |
_c80025 _d80025 |
||